000 00687nam a22001935i 4500
001 163605
003 ES-MaACL
005 20230906212756.0
008 990527s1883 fr |||| | spa d
040 _aCCPB | B
_bspa
_cCCPB | B
100 1 _aRivodó, Baldomero.
_9131875
245 1 0 _aTratado de los compuestos castellanos
_b: Parte primera Latino-Castellano /
_cpor B. Rivodó.
250 _a2ª ed.
260 _aParis :
_bLibreria Universal Española de A. Rioger y F. Chernoviz,
_c1883.
300 _aXI, 436 p. ;
_c22 cm.
650 4 _aLengua española-
_xMorfología.
_9136374
650 4 _aLengua española-
_xGramática.
_914161
852 _aES-MaACL
_jB-1934
_z-- Enc. pasta
999 _c163605
_d163605